Plant biotechnology A laboratory manual
Zapisane w:
| 1. autor: | |
|---|---|
| Format: | Książka |
| Język: | Undetermined |
| Wydane: |
Dubuque, Iowa
WCB
1993
|
| Hasła przedmiotowe: | |
| Etykiety: |
Dodaj etykietę
Nie ma etykietki, Dołącz pierwszą etykiete!
|
| Thư viện lưu trữ: | Trung tâm Học liệu Trường Đại học Cần Thơ |
|---|
| LEADER | 00493nam a2200181Ia 4500 | ||
|---|---|---|---|
| 001 | CTU_48948 | ||
| 008 | 210402s9999 xx 000 0 und d | ||
| 082 | |a 630 | ||
| 082 | |b L449 | ||
| 100 | |a ROBERT J LEBOWITZ | ||
| 245 | 0 | |a Plant biotechnology | |
| 245 | 2 | |b A laboratory manual | |
| 245 | 0 | |c ROBERT J LEBOWITZ | |
| 260 | |a Dubuque, Iowa | ||
| 260 | |b WCB | ||
| 260 | |c 1993 | ||
| 650 | |a plant biotechnology - laboratory manuals | ||
| 980 | |a Trung tâm Học liệu Trường Đại học Cần Thơ | ||